[Event "COL-ch sf3 U12"]
[Site "Choconta"]
[Date "2018.04.06"]
[Round "3.2"]
[White "Luna Velandia, Juan Sebastian"]
[Black "Hernandez Guarin, Samuel Andres"]
[Result "1-0"]
[WhiteElo "1537"]
[BlackElo "1325"]
[PlyCount "59"]
[EventDate "2018.04.05"]
[EventType "swiss"]
[EventRounds "6"]
[EventCountry "COL"]
[SourceTitle "EXT 2024"]
[Source "ChessBase"]
[SourceDate "2023.10.10"]
[SourceVersion "1"]
[SourceVersionDate "2023.10.10"]
[SourceQuality "1"]

1. e4 c5 2. Nf3 d6 3. d4 cxd4 4. Nxd4 Nf6 5. Nc3 a6 6. f3 Bd7 7. Be3 e6 8. Bc4 Be7 9. Qd2 Nc6 10. 0-0-0 Rc8 11. Bb3 Na5 12. g4 Nxb3+ 13. axb3 Bc6 14. h4 Nd7 15. g5 f6 16. Nxe6 Qa5 17. Nxg7+ Kf7 18. gxf6 Nxf6 19. Nf5 Rcd8 20. Nxe7 Kxe7 21. Nd5+ Nxd5 22. Bg5+ Nf6 23. Bxf6+ Kxf6 24. Qxa5 Ke7 25. e5 Rhf8 26. exd6+ Kf7 27. Qf5+ Kg8 28. Rdg1+ Kh8 29. Qe5+ Rf6 30. Qxf6# 1-0